[Event "Olsztyn op U18 blitz"]
[Site "Olsztyn"]
[Date "2013.08.03"]
[Round "8"]
[White "Piotrowski, Przemyslaw"]
[Black "Szeglowski, Tomasz"]
[Result "1-0"]
[WhiteElo "2038"]
[BlackElo "1799"]
[PlyCount "64"]
[EventDate "2013.08.03"]
[EventType "swiss (blitz)"]
[EventRounds "22"]
[EventCountry "POL"]
[SourceTitle "CBM 155 Extra"]
[Source "ChessBase"]
[SourceDate "2013.08.26"]
[SourceVersion "1"]
[SourceVersionDate "2013.08.26"]
[SourceQuality "1"]

1. g3 g6 2. Bg2 Bg7 3. Nf3 Nf6 4. 0-0 0-0 5. c4 c6 6. d3 d5 7. Nc3 d4 8. Na4 Bg4 9. b4 Qc8 10. Nxd4 Nfd7 11. Bb2 c5 12. bxc5 Nc6 13. Nxc6 bxc6 14. Bxg7 Kxg7 15. d4 Qa6 16. h3 Be6 17. d5 cxd5 18. cxd5 Bf5 19. e4 Bxh3 20. Bxh3 Ne5 21. f4 Nc4 22. Qd4+ f6 23. Nc3 h5 24. e5 h4 25. d6 exd6 26. cxd6 hxg3 27. Ne4 f5 28. e6+ Kh6 29. e7 fxe4 30. exf8B+ Rxf8 31. d7 Nd6 32. Rad1 Nf7 1-0

[Event "POL-ch U16"]
[Site "Szczyrk"]
[Date "2013.??.??"]
[Round "5"]
[White "Szeglowski, Tomasz"]
[Black "Mrozowski, Patryk"]
[Result "0-1"]
[WhiteElo "1801"]
[BlackElo "1723"]
[PlyCount "66"]
[EventDate "2013.03.17"]
[EventType "swiss"]
[EventRounds "9"]
[EventCountry "POL"]
[SourceTitle "CBM 153 Extra"]
[Source "ChessBase"]
[SourceDate "2013.04.22"]
[SourceVersion "1"]
[SourceVersionDate "2013.04.22"]
[SourceQuality "1"]

1. f4 c5 2. g3 d5 3. Bg2 Nf6 4. Nf3 Nc6 5. 0-0 Bf5 6. d3 Qc8 7. Ne5 Bh3 8. Nxc6 bxc6 9. Nc3 Bxg2 10. Kxg2 h5 11. h4 Rb8 12. e4 e6 13. Qe2 d4 14. Nd1 Be7 15. c4 Ng4 16. Nf2 Nxf2 17. Rxf2 Qa6 18. Qf3 Kd7 19. e5 g6 20. Qd1 Rb6 21. Qc2 Rhb8 22. b3 Rxb3 23. a3 Qa5 24. Bd2 Qb6 25. Bc1 Rc3 26. Qe2 Qb3 27. Qe1 Rc2 28. Qf1 Rxf2+ 29. Kxf2 Qc2+ 30. Kf3 Rb3 31. Ke4 Bd8 32. a4 Ba5 33. Ba3 Qxc4 0-1

[Event "POL-ch U16"]
[Site "Szczyrk"]
[Date "2013.??.??"]
[Round "7"]
[White "Szeglowski, Tomasz"]
[Black "Smal, Tobiasz"]
[Result "1-0"]
[WhiteElo "1801"]
[BlackElo "1915"]
[PlyCount "85"]
[EventDate "2013.03.17"]
[EventType "swiss"]
[EventRounds "9"]
[EventCountry "POL"]
[SourceTitle "CBM 153 Extra"]
[Source "ChessBase"]
[SourceDate "2013.04.22"]
[SourceVersion "1"]
[SourceVersionDate "2013.04.22"]
[SourceQuality "1"]

1. e4 c5 2. Nf3 d6 3. h3 Nf6 4. Nc3 a6 5. a4 e5 6. Bc4 Be7 7. 0-0 0-0 8. d3 Nc6 9. Ne1 Be6 10. Bd5 Bxd5 11. Nxd5 Nxd5 12. exd5 Nb8 13. f4 Nd7 14. c4 Rb8 15. a5 f5 16. Bd2 Bf6 17. Bc3 exf4 18. Rxf4 Bxc3 19. bxc3 Qf6 20. Qd2 b6 21. axb6 Rxb6 22. Nc2 g5 23. Rf2 Qg6 24. Raf1 Rbb8 25. Ne3 f4 26. Nd1 a5 27. Re1 Rfe8 28. Rfe2 Nf8 29. Nf2 Rxe2 30. Qxe2 h6 31. Qe7 f3 32. gxf3 Rb6 33. Qd8 Rb7 34. Re6 Qg7 35. Ng4 h5 36. Nf6+ Kh8 37. Nxh5 Rd7 38. Qe8 Qg8 39. Rf6 Nh7 40. Qxd7 Nxf6 41. Nxf6 Qg6 42. Qe7 Qh6 43. Qf7 1-0

[Event "Ogolnopolski-ch 55th"]
[Site "Zamosc"]
[Date "2013.??.??"]
[Round "4.35"]
[White "Szeglowski, Tomasz"]
[Black "Wilk, Maciej"]
[Result "1-0"]
[WhiteElo "1816"]
[BlackElo "1677"]
[PlyCount "79"]
[EventDate "2013.06.07"]
[EventType "swiss"]
[EventRounds "9"]
[EventCountry "POL"]
[SourceTitle "EXT 2014"]
[Source "ChessBase"]
[SourceDate "2013.11.20"]
[SourceVersion "1"]
[SourceVersionDate "2013.11.20"]
[SourceQuality "1"]

1. c4 c5 2. Nc3 Nc6 3. g3 g6 4. Bg2 Bg7 5. Nf3 Nf6 6. 0-0 0-0 7. d4 cxd4 8. Nxd4 Qb6 9. Nb3 d6 10. Be3 Qd8 11. Qc1 Bf5 12. c5 d5 13. Rd1 e6 14. Bg5 Qc8 15. h3 h5 16. f3 d4 17. Nxd4 Nxd4 18. Rxd4 Qxc5 19. Be3 e5 20. Rd5 Qc7 21. Rc5 Qe7 22. g4 hxg4 23. fxg4 Be6 24. Rb5 e4 25. Bc5 Qc7 26. Bxf8 Rxf8 27. Nxe4 Qb8 28. Rxb7 Qe5 29. Qc3 Qxe4 30. Bxe4 Nxe4 31. Qb4 f5 32. Qe7 Bd4+ 33. Kg2 Ng5 34. Rb5 Bf6 35. Qd6 Rd8 36. Rb8 Rxb8 37. Qxb8+ Kg7 38. Qxa7+ Kh6 39. h4 Bd5+ 40. Kf1 1-0

[Event "Rewal op-B 17th"]
[Site "Rewal"]
[Date "2012.08.??"]
[Round "7"]
[White "Jablonska, Sabina"]
[Black "Szeglowski, Tomasz"]
[Result "0-1"]
[WhiteElo "1979"]
[BlackElo "1757"]
[PlyCount "68"]
[EventDate "2012.08.20"]
[EventType "swiss"]
[EventRounds "9"]
[EventCountry "POL"]
[SourceTitle "EXT 2014"]
[Source "ChessBase"]
[SourceDate "2013.11.20"]
[SourceVersion "1"]
[SourceVersionDate "2013.11.20"]
[SourceQuality "1"]

1. b3 Nf6 2. Bb2 g6 3. c4 Bg7 4. f4 0-0 5. Nf3 c6 6. d4 d5 7. Nbd2 Ng4 8. Qc1 Qd6 9. Ne5 Ne3 10. Qc3 Nxf1 11. Rxf1 f6 12. Nd3 Bf5 13. h3 Nd7 14. g4 Bxd3 15. Qxd3 e5 16. e3 exf4 17. exf4 Rae8+ 18. Kd1 f5 19. g5 dxc4 20. Nxc4 Qe6 21. Kd2 b5 22. Ne3 Nc5 23. Qc2 Ne4+ 24. Kd3 Ng3 25. Qg2 Nxf1 26. Rxf1 Qe4+ 27. Qxe4 Rxe4 28. Ng2 c5 29. Re1 Rfe8 30. Rxe4 Rxe4 31. Bc3 Bxd4 32. Bd2 Bf2 33. Bc3 Kf7 34. Be5 Ke6 0-1

[Event "Rewal op-B 17th"]
[Site "Rewal"]
[Date "2012.08.??"]
[Round "5"]
[White "Kaluzny, Wlodzimierz"]
[Black "Szeglowski, Tomasz"]
[Result "0-1"]
[WhiteElo "2011"]
[BlackElo "1757"]
[PlyCount "79"]
[EventDate "2012.08.20"]
[EventType "swiss"]
[EventRounds "9"]
[EventCountry "POL"]
[SourceTitle "EXT 2014"]
[Source "ChessBase"]
[SourceDate "2013.11.20"]
[SourceVersion "1"]
[SourceVersionDate "2013.11.20"]
[SourceQuality "1"]

1. d4 d5 2. Nf3 Bg4 3. e3 Nf6 4. Be2 e6 5. Nbd2 Bd6 6. h3 Bh5 7. b3 0-0 8. Bb2 Nbd7 9. 0-0 Rc8 10. Ne5 Bxe2 11. Qxe2 c5 12. Nxd7 Nxd7 13. c4 cxd4 14. Bxd4 Be5 15. cxd5 Bxd4 16. exd4 exd5 17. Qb5 Nb6 18. Rac1 Rxc1 19. Rxc1 Qg5 20. Rc2 Qf5 21. Rc3 h6 22. a4 Rc8 23. Rc5 Qe6 24. Nf3 Rc6 25. Rxc6 bxc6 26. Qc5 f6 27. a5 Nc8 28. Qb4 Qd7 29. Qb8 Kf7 30. Ne1 Nd6 31. Nd3 Nb5 32. Qf4 g5 33. Qb8 Nxd4 34. Qh8 Kg6 35. Qg8+ Qg7 36. Qc8 Qf7 37. g4 Qe6 38. Qf8 Nb5 39. Nb4 Qf7 40. Qc8 0-1

[Event "Rewal op-B 17th"]
[Site "Rewal"]
[Date "2012.08.??"]
[Round "9"]
[White "Reza, Wojciech"]
[Black "Szeglowski, Tomasz"]
[Result "1-0"]
[WhiteElo "2090"]
[BlackElo "1757"]
[PlyCount "56"]
[EventDate "2012.08.20"]
[EventType "swiss"]
[EventRounds "9"]
[EventCountry "POL"]
[SourceTitle "EXT 2014"]
[Source "ChessBase"]
[SourceDate "2013.11.20"]
[SourceVersion "1"]
[SourceVersionDate "2013.11.20"]
[SourceQuality "1"]

1. a3 e5 2. e4 Nf6 3. Nc3 d5 4. exd5 Nxd5 5. Qh5 Nc6 6. Bb5 Nde7 7. Qxe5 Be6 8. Qe2 h6 9. Bxc6+ Nxc6 10. Nf3 Bc5 11. d3 0-0 12. Be3 Bd6 13. h3 f5 14. 0-0-0 Qf6 15. d4 Bd7 16. d5 Ne5 17. Bd4 Rae8 18. Nxe5 Bxe5 19. Bxe5 Rxe5 20. Qf3 Rfe8 21. Rd2 Qg5 22. Rhd1 b5 23. Kb1 a5 24. Rd4 Rb8 25. b4 axb4 26. axb4 Qf6 27. Kb2 Qd6 28. R1d3 Rc8 1-0

[Event "POL-chT U19 1st League"]
[Site "Ustron"]
[Date "2011.??.??"]
[Round "3.22"]
[White "Szeglowski, Tomasz"]
[Black "Kyc, Jerzy"]
[Result "1/2-1/2"]
[WhiteElo "1673"]
[BlackElo "1628"]
[PlyCount "98"]
[EventDate "2011.06.24"]
[EventType "team-tourn"]
[EventRounds "9"]
[EventCountry "POL"]
[SourceTitle "EXT 2015"]
[Source "ChessBase"]
[SourceDate "2014.11.20"]
[SourceVersion "1"]
[SourceVersionDate "2014.11.20"]
[SourceQuality "1"]
[WhiteTeam "Czarna LKSz GCKiP U19"]
[BlackTeam "Wieliczka MKS MOS U19"]
[WhiteTeamCountry "POL"]
[BlackTeamCountry "POL"]

1. d4 Nf6 2. c4 g6 3. Nc3 d5 4. Bg5 Ne4 5. Bf4 Nxc3 6. bxc3 c6 7. e3 Bg7 8. h3 0-0 9. Nf3 dxc4 10. Bxc4 c5 11. 0-0 cxd4 12. cxd4 b6 13. Rc1 Bb7 14. d5 Ba6 15. Qa4 Bxc4 16. Qxc4 Nd7 17. Nd4 Nc5 18. Nc6 Qd7 19. Rfd1 Kh8 20. e4 f5 21. e5 e6 22. Nb4 exd5 23. Nxd5 Qf7 24. Be3 Rac8 25. Bd4 Qe6 26. Nf4 Qxc4 27. Rxc4 Ne4 28. Rdc1 Rxc4 29. Rxc4 Re8 30. f3 Nc5 31. Bxc5 bxc5 32. Rxc5 Bxe5 33. Rc4 Rb8 34. Nd3 Bg3 35. Kf1 Re8 36. Nf2 Kg7 37. Rc1 Re3 38. Nh1 Bd6 39. Kf2 Ra3 40. Rc2 Kf6 41. Ng3 a5 42. Nf1 Bb4 43. Ke2 Ke6 44. Ne3 Ra4 45. Nc4 Bc5 46. Kd3 Kd5 47. a3 Bd4 48. Rc1 Bc5 49. Rc3 Bd4 1/2-1/2

[Event "POL-ch U12"]
[Site "Leba"]
[Date "2009.03.22"]
[Round "11"]
[White "Wyszomirski, Krzysztof"]
[Black "Szeglowski, Tomasz"]
[Result "1-0"]
[WhiteElo "1656"]
[BlackElo "1585"]
[PlyCount "55"]
[EventDate "2009.03.14"]
[EventType "swiss"]
[EventRounds "11"]
[EventCountry "POL"]
[SourceTitle "EXT 2010"]
[Source "ChessBase"]
[SourceDate "2010.11.25"]
[SourceVersion "1"]
[SourceVersionDate "2010.11.25"]
[SourceQuality "1"]

1. e4 c5 2. Nf3 Nc6 3. d4 cxd4 4. Nxd4 Nf6 5. Nc3 g6 6. Be3 Bg7 7. f3 0-0 8. Qd2 d5 9. Nxc6 bxc6 10. 0-0-0 e6 11. g4 Qa5 12. Kb1 Ba6 13. Nxd5 Qxd2 14. Nxf6+ Bxf6 15. Rxd2 Bxf1 16. Rxf1 a5 17. Rfd1 a4 18. Bd4 Bg5 19. Rd3 Rac8 20. c4 c5 21. Bc3 Bf4 22. h3 Bg5 23. Kc2 Rb8 24. Rd7 a3 25. b3 Bh6 26. Rc7 f5 27. exf5 exf5 28. g5 1-0

[Event "POL-ch U12"]
[Site "Leba"]
[Date "2009.03.17"]
[Round "5"]
[White "Szeglowski, Tomasz"]
[Black "Szymanowski, Mateusz"]
[Result "0-1"]
[WhiteElo "1585"]
[BlackElo "1556"]
[PlyCount "38"]
[EventDate "2009.03.14"]
[EventType "swiss"]
[EventRounds "11"]
[EventCountry "POL"]
[SourceTitle "EXT 2010"]
[Source "ChessBase"]
[SourceDate "2010.11.25"]
[SourceVersion "1"]
[SourceVersionDate "2010.11.25"]
[SourceQuality "1"]

1. c4 e5 2. Nc3 g6 3. Nf3 Bg7 4. g3 f5 5. d3 Ne7 6. Bg2 0-0 7. 0-0 d6 8. Bd2 f4 9. Qc1 Bh6 10. d4 Nd7 11. Rd1 Nc6 12. dxe5 dxe5 13. a3 a6 14. b4 g5 15. Qc2 g4 16. Ne1 Nd4 17. Qd3 Nf6 18. Nd5 Bf5 19. Qc3 Nxe2+ 0-1

[Event "POL-ch U12"]
[Site "Leba"]
[Date "2009.03.15"]
[Round "3"]
[White "Szeglowski, Tomasz"]
[Black "Kowalczyk, Mariusz"]
[Result "0-1"]
[WhiteElo "1585"]
[BlackElo "1710"]
[PlyCount "72"]
[EventDate "2009.03.14"]
[EventType "swiss"]
[EventRounds "11"]
[EventCountry "POL"]
[SourceTitle "EXT 2010"]
[Source "ChessBase"]
[SourceDate "2010.11.25"]
[SourceVersion "1"]
[SourceVersionDate "2010.11.25"]
[SourceQuality "1"]

1. c4 e5 2. Nf3 d6 3. Nc3 f5 4. d3 Nf6 5. g3 Be7 6. Bg2 0-0 7. 0-0 Nc6 8. a3 a5 9. e3 Qe8 10. Nb5 Bd8 11. Qb3 Be6 12. Ng5 a4 13. Qa2 Na5 14. Nxe6 Qxe6 15. Bd2 Nb3 16. Rad1 c6 17. Nc3 e4 18. Be1 Nc5 19. d4 Nd3 20. Ne2 b5 21. Nf4 Nxf4 22. exf4 Be7 23. Rc1 bxc4 24. Bb4 d5 25. Bxe7 Qxe7 26. Qb1 Rab8 27. Qc2 Rb3 28. Qd2 Qb7 29. Rb1 Qb5 30. Qe2 Rb8 31. Bh3 Rxb2 32. Rxb2 Qxb2 33. Qxb2 Rxb2 34. Bxf5 Rb3 35. Ra1 c3 36. f3 c2 0-1

[Event "POL-ch U12"]
[Site "Ustron"]
[Date "2008.03.11"]
[Round "5"]
[White "Szeglowski, Tomasz"]
[Black "Jarmula, Pawel"]
[Result "0-1"]
[WhiteElo "1569"]
[BlackElo "1539"]
[PlyCount "76"]
[EventDate "2008.03.08"]
[EventType "swiss"]
[EventRounds "11"]
[EventCountry "POL"]
[SourceTitle "EXT 2010"]
[Source "ChessBase"]
[SourceDate "2010.11.25"]
[SourceVersion "1"]
[SourceVersionDate "2010.11.25"]
[SourceQuality "1"]

1. c4 e5 2. Nc3 g6 3. Nf3 Bg7 4. g3 f5 5. Bg2 d6 6. d3 Nf6 7. 0-0 0-0 8. Re1 Nc6 9. e4 fxe4 10. dxe4 Bg4 11. h3 Be6 12. b3 Qd7 13. Kh2 h6 14. Nd5 Qf7 15. Be3 Nxe4 16. Rc1 Nf6 17. Qd2 Kh7 18. Nc3 Ne7 19. Nh4 d5 20. cxd5 Nfxd5 21. Nxd5 Nxd5 22. Bxd5 Bxd5 23. Qc2 c6 24. f4 e4 25. Rg1 Qf6 26. Qf2 a6 27. g4 Rad8 28. Ng2 Qe6 29. Qe2 Qd7 30. h4 Be6 31. Ne1 Rf7 32. h5 gxh5 33. f5 Be5+ 34. Kh1 Bxf5 35. gxf5 Qxf5 36. Rg2 Qh3+ 37. Kg1 Rg8 38. Bg5 Bd4+ 0-1

[Event "POL-ch U12"]
[Site "Ustron"]
[Date "2008.03.08"]
[Round "1"]
[White "Szeglowski, Tomasz"]
[Black "Cukrowski, Filip"]
[Result "1-0"]
[WhiteElo "1569"]
[BlackElo "1802"]
[PlyCount "97"]
[EventDate "2008.03.08"]
[EventType "swiss"]
[EventRounds "11"]
[EventCountry "POL"]
[SourceTitle "EXT 2010"]
[Source "ChessBase"]
[SourceDate "2010.11.25"]
[SourceVersion "1"]
[SourceVersionDate "2010.11.25"]
[SourceQuality "1"]

1. c4 c5 2. Nc3 g6 3. g3 Bg7 4. Bg2 Nc6 5. Nf3 e6 6. 0-0 Nge7 7. d3 d5 8. Bf4 a6 9. Rb1 0-0 10. Qc1 Re8 11. Bh6 Bh8 12. Na4 b6 13. Rd1 Bd7 14. b3 Nf5 15. Bg5 Qc7 16. Nh4 Ncd4 17. Qd2 b5 18. Nb2 Qd6 19. Nxf5 Nxf5 20. Re1 Bc6 21. Bf4 Qd7 22. cxd5 exd5 23. Rbc1 Qe7 24. h4 b4 25. Na4 Bxa4 26. bxa4 Bc3 27. Rxc3 bxc3 28. Qxc3 Rac8 29. Bxd5 Nd4 30. e3 Ne6 31. Be5 Qd7 32. Bb3 Red8 33. Rd1 Qe8 34. Bh8 Nd4 35. exd4 cxd4 36. Qd2 Kxh8 37. Re1 Qd7 38. Qg5 Re8 39. Rd1 Kg8 40. Qf6 a5 41. Qg5 Qa7 42. Qg4 h5 43. Qxg6+ Kf8 44. Qxh5 Kg8 45. Qg6+ Kf8 46. Qh7 Qc7 47. h5 Re5 48. h6 Rg5 49. Qh8+ 1-0